| 000 | 00900nam a2200217 a 4500 | ||
|---|---|---|---|
| 001 | 65230 | ||
| 003 | BD-RjUL | ||
| 005 | 20211209081411.0 | ||
| 008 | 170301s1978 bg ||||| |||| 00| 0 eng d | ||
| 035 | _a(BD-RjUL)65360 | ||
| 040 |
_aBD-RjUL _bben _cBD-RjUL |
||
| 041 | _aben | ||
| 082 |
_223 _a891.4415 _bGON 1978 |
||
| 100 | 1 |
_aগোস্বামী, করুনাময় _9177242 |
|
| 245 | 0 | 1 |
_aনজরুল গীতি প্রসঙ্গ / _cকরুনাময় গোস্বামী |
| 260 |
_aঢাকা _bবাংলা একাডেমি _c১৯৭৮ |
||
| 300 |
_a৩৩৪ পৃ _c২০ সেমি |
||
| 600 |
_aনজরুল ইসলাম, কাজী, _d১৮৯৯-১৯৭৬ _xসমালোচনা ও ব্যাখ্যা. _9193125 |
||
| 600 |
_aNazrul Islam, Kazi, _d1899-1976 _x Criticism and interpretation. _9189051 |
||
| 942 |
_2ddc _cBK |
||
| 999 |
_c65230 _d65230 |
||